Las percepciones de América Latina en relación a la cuenca del Pácifico: evolución y perspectivas

Sparad:
Bibliografiska uppgifter
Huvudupphovsmän: Armanet Armanet, Pilar (Författare, medförfattare), Cousiño C., José Antonio (Författare, medförfattare), O'Shea Lecaros, Luz (Författare, medförfattare), Reutter Reinking, Juan (Författare, medförfattare), Sánchez González, Walter (Författare, medförfattare)
Materialtyp: Bok
Språk:spanska
Publicerad: Santiago Instituto de Estudios Internacionales 1985
Santiago Universidad de Chile 1985
Serie:Serie de Publicaciones Especiales, 64
Ämnen:
Taggar: Lägg till en tagg
Inga taggar, Lägg till första taggen!

MARC

LEADER 00000nam a2200000 a 4500
001 UCW8697
003 CL-VaPUC
008 881021e19850000CL |||||||||||||||||spa|d
082 0 4 |a 327.8  |b ARM  |2 21 
100 0 |a Armanet Armanet, Pilar  |e author  |9 313913 
700 0 |a Cousiño C., José Antonio  |e author  |9 313914 
700 0 |a O'Shea Lecaros, Luz  |e author  |9 313915 
700 0 |a Reutter Reinking, Juan  |e author  |9 313916 
700 0 |a Sánchez González, Walter  |e author  |9 313917 
245 1 4 |a Las percepciones de América Latina en relación a la cuenca del Pácifico: evolución y perspectivas 
300 |a 27 p 
942 |c BK 
945 |d 19881021 00:00:00 
260 |a Santiago  |b Instituto de Estudios Internacionales  |c 1985 
260 |a Santiago  |b Universidad de Chile  |c 1985 
650 0 |a Aspectos económicos  |9 255165 
650 0 |a Relaciones Exteriores  |9 255379 
651 0 |a América Latina   |9 255027 
651 7 |a OCEANO PACIFICO  |2 CL-VaPUC  |9 262019 
583 |a last modification  |c 20120606 11:53:53  |k Rodrigo Vera 
490 0 |a Serie de Publicaciones Especiales, 64 
999 |c 220991  |d 220989 
952 |0 0  |1 0  |4 0  |6 327_800000000000000_ARM_1985_1985  |7 0  |8 A  |9 213858  |a BIBHIS  |b BIBHIS  |d 2019-11-15  |i 2822059  |o 327.8 ARM 1985 1985  |p 2822059  |r 2025-01-20  |w 2019-11-15  |y BK  |k HIS